Personnages par description approximative #1 - Statistiques

Statistiques générales
  • Ce quiz a été pris 397 fois
  • Le résultat moyen est 7 sur 15
Statistiques - réponses
Description Personnage % Correct
Il a traumatisé de nombreuses personnes. Si vous le voyez dans une bouche d'égout avec son ballon, courez ! Ça
87%
Sorte de petit animal jaune, il serait bien pratique en ce moment vu le prix de l'électricité... Pikachu
80%
Il vit dans un fruit, est voisin avec un calamar, et son meilleur pote est "légèrement attardé". Bob l'éponge
75%
D'une autre planète il vient et à l'envers il parle... Maitre Yoda
70%
Ado pote avec un vieux savant, il voyage dans le temps et se fait draguer par sa mère. Marty Mc Fly
69%
Elle vit dans un monde ou l'on oblige des jeunes à s'entretuer dans une téléréalité pour divertir des riches. Experte en arc, elle se "sacrifie" pour sa sœur. Katniss Everdeen
64%
Il a une couronne mais n'est entouré que d'abrutis et n'est pas prêt de trouver son "Graal". Le roi Arthur
61%
On lui donne un élastique et un trombone, il fabrique un lance roquette. Mac Gyver
50%
C'est un pachyderme, héros d'un dessin animé pour enfant, qui vit dans un pays ou la capitale est tirée du nom de sa femme, Céleste. Babar
46%
Petit Américain, il fait l'école buissonnière pour aller jouer et pêcher. Tom Sawyer
46%
Sa passion : se marier et divorcer (une lesbienne, il se trompe de prénom, il était bourré...) Ross Geller
26%
Héros footballeur de la NewTeam, il joue sur un terrain tellement long qui lui faut 4 épisodes pour le traverser. Olivier Atonn
25%
Il passe 10 ans à expliquer comment il a rencontrer sa femme pour que finalement on la voit dans 3 épisodes... Ted Mosby
20%
Quand il est content il vomit. Simon Jeremi
13%
C'est une ado qui a été "élue" pour sortir le soir et tuer un maximum. Buffy
11%
Aucun quiz correspondant
Distribution des résultats
% des personnes avec chaque résultat
Percentile par nombre de réponses
Votre historique - résultats
Vous n’avez pas pris ce quiz